书目信息 |
| 题名: |
激光热处理
|
|
| 作者: | ;铁道科学研究院金属和化学研究所金属室 编 | |
| 分册: | ||
| 出版信息: | 上海 国防工业出版社 1978 |
|
| 页数: | 51页 | |
| 开本: | 19cm | |
| 丛书名: | ||
| 单 册: | ||
| 中图分类: | TN249 | |
| 科图分类: | ||
| 主题词: | 激光技术 , 微波激射技术 | |
| 电子资源: | ||
| ISBN: | ||
| 000 | 00769nam0 2200229 45 | |
| 001 | 0178000341 | |
| 005 | 20060722161839.93 | |
| 010 | @dCNY0.20 | |
| 091 | @a15034.1730 | |
| 100 | @a19950731d1978 em y0chiy0121 ea | |
| 101 | 0 | @achi |
| 102 | @aCN@b310000 | |
| 105 | @ay z 000yy | |
| 200 | 10 | @a激光热处理@Aji guang re chu li@f铁道科学研究院金属和化学研究所金属室编@Ftie dao ke xue yan jiu yuan jin shu he hua xue yan jiu suo jin shu shi bian |
| 210 | @a上海@c国防工业出版社@d1978 | |
| 215 | @a51页@d19cm | |
| 606 | 0 | @a激光技术 |
| 606 | 0 | @a微波激射技术 |
| 690 | @aTN249@v3 | |
| 711 | 02 | @a铁道科学研究院金属和化学研究所金属室@Atie dao ke xue yan jiu yuan jin shu he hua xue yan jiu suo jin shu shi@4编 |
| 801 | 0 | @aCN@bTSSF@c20060722 |
| 905 | @a10447@dTN249@e3 | |
| 激光热处理/铁道科学研究院金属和化学研究所金属室编.-上海:国防工业出版社,1978 |
| 51页;19cm |
| ISBN :CNY0.20 |
| ● |
| 相关链接 |
|
|
|
|
正题名:激光热处理
索取号:TN249/3
 
预约/预借
| 序号 | 登录号 | 条形码 | 馆藏地/架位号 | 状态 | 备注 |
| 1 | 0004194 | 202167895 | 密集书库/ [索取号:TN249/3] | 在馆 | |
| 2 | 0004195 | 202168402 | 密集书库/ [索取号:TN249/3] | 在馆 | |
| 3 | 0004196 | 202168411 | 密集书库/ [索取号:TN249/3] | 在馆 | |
| 4 | 0438142 | 204381427 | 密集书库/ [索取号:TN249/3] | 在馆 | |
| 5 | 0438143 | 204381436 | 密集书库/ [索取号:TN249/3] | 在馆 | |
| 6 | 0438227 | 204382275 | 密集书库/ [索取号:TN249/3] | 在馆 | |
| 7 | 0438228 | 204382284 | 密集书库/ [索取号:TN249/3] | 在馆 | |
| 8 | 0438229 | 204382293 | 密集书库/ [索取号:TN249/3] | 在馆 |